Statistiques concernant HARRY POTTER : MAISONS

Cliquez ici pour prendre le quiz!

Statistiques générales

  • Ce quiz a été pris 1 059 fois
  • Le résultat moyen est 77 sur 118

Statistiques - réponses

Les Quatre Maisons% Correct
Animal emblèmeLion
96%
PotterHarry
90%
GrangerHermione
90%
WeasleyRon
90%
WeasleyFred
86%
WeasleyGeorge
86%
WeasleyGinny
86%
Directeur de maisonMinerva McGonagall
86%
LondubatNeville
85%
FantômeNick Quasi Sans Tête
85%
CouleursRouge et or
85%
AttrapeurHarry Potter
84%
Il vit dans la Chaumière aux Coquillages avec son épouse FleurBill Weasley
83%
Son patronus est un cerf comme celui de son filsJames Potter
83%
L'animagus de cette professeure est un chatMinerva McGonagall
83%
Animal emblèmeAigle
82%
Il étudie les dragons en roumanieCharlie Weasley
82%
Interdit de magie, il cache sa baguette dans son parapluieRubeus Hagrid
82%
Il est passionné par les moldusArthur Weasley
81%
ChangCho
81%
MalefoyDrago
80%
LovegoodLuna
80%
Capitaine | GardienOlivier Dubois
80%
Animal emblèmeSerpent
80%
ThomasDean
79%
Son fils a les mêmes yeux qu'elleLily Potter
79%
Animal emblèmeBlaireau
78%
BatteurFred Weasley
78%
BatteurGeorge Weasley
78%
PoursuiveurKatie Bell
78%
BrownLavande
78%
Le nom de jeune fille de cette maman de 7 enfants est PrewettMolly Weasley
78%
PatilParvati
78%
FinniganSeamus
78%
Le prince de sang mêlé dont le patronus est une bicheSeverus Rogue
78%
Champion du tournoi des Trois Sorciers qui y laissera la vieCedric Diggory
76%
Professeure de botanique et directrice de la maison PoufsoufflePomona Chourave
76%
Mangemort enfermée à Azkaban, elle est la cousine de Sirius BlackBellatrix Lestrange
75%
BellKatie
75%
PatilPadma
75%
Un Gryffondor devenue mangemort, au surnom de QuedverPeter Pettigrow
75%
Préfets (promotion Harry Potter)Ron Weasley
75%
Directeur de maisonSeverus Rogue
75%
Celui-dont-on-ne-doit-pas-prononcer-le-nomTom Jedusor
75%
JohnsonAngelina
74%
CriveyColin
74%
CouleursJaune et noir
74%
JordanLee
74%
Professeur de sortilèges gobelin et directeur de la maison SerdaigleFilius Flitwick
73%
FantômeLe Baron Sanglant
73%
Mère de Drago Malefoy, elle vit pour sa familleNarcissa Malefoy
73%
Une passionnée de chatons qui adore le roseDolores Ombrage
72%
Fabriquant de baguettes magiques du chemin de TraverseGarrick Ollivander
72%
CouleursVert et argent
72%
Ancien directeur de PoudlardAlbus Dumbledore
70%
FantômeLe moine gras
70%
ParkinsonPansy
70%
Directeur de maisonPomona Chourave
70%
Ancien professeur qui cachait Voldemort dans son turbanQuirinus Quirrell
70%
Seul membre de sa famille à ne pas être allé à SerpentardSirius Black
70%
Directeur de maisonFilius Flitwick
69%
FantômeLa Dame Grise
69%
Il est celui qui cache le journal de Tom Jedusor dans le chaudron de Ginny WeasleyLucius Malefoy
69%
Jeune fille dont le fantôme hante les toilettesMimi Geignarde
69%
CrabbeVincent
69%
Préfets (promotion Harry Potter)Hermione Granger
68%
Fille de la fondatrice de la maison Serdaigle, dont le fantôme maussade hante les lieuxHelena Serdaigle
67%
Métamorphomage bien connue devenue aurorNymphadora Tonks
67%
Il est le fils du professeur loup-garou et de sa bien-aiméeTed Lupin
67%
Il est le professeur qui a appris la notion d'Horcruxe à Tom JedusorHorace Slughorn
66%
MacLaggenCormac
65%
Préfets (promotion Harry Potter)Drago Malefoy
65%
CréateurGodric Gryffondor
65%
GoyleGregory
65%
AbbottHannah
65%
CouleursBleu et bronze
63%
PoursuiveurAngelina Johnson
62%
Cet ancien élève de Poufsouffle est passionné par les créatures fantastiquesNorbert Dragonneau
62%
CréateurRowena Serdaigle
61%
Pierre précieuse dans le sablier des points de maisonRubis
61%
ZabiniBlaise
60%
Professeur narcissique qui finit à Saint MangousteGilderoy Lockhart
60%
Professeur lycanthropeRemus Lupin
60%
Préfets (promotion Harry Potter)Pansy Parkinson
59%
CréateurHelga Poufsouffle
58%
SpinnetAlicia
57%
MacMillanErnie
56%
Pierre précieuse dans le sablier des points de maisonEmeraude
55%
CréateurSalazar Serpentard
55%
CriveyDennis
54%
Finch-FletcheyJustin
52%
PoursuiveurAlicia Spinnet
50%
Pierre précieuse dans le sablier des points de maisonSaphir
49%
BonesSusan
48%
Préfets (promotion Harry Potter)Ernie MacMillan
41%
Préfets (promotion Harry Potter)Padma Patil
40%
Préfète de Serdaigle qui embrasse Percy WeasleyPenelope Deauclaire
40%
SmithZacharias
38%
GoldsteinAnthony
37%
Hermione pense voler un cheveu à ce personnage pour sa potion de polynectar dans le deuxième volet, mais il s'agit en fait d'un poil de chatMillicent Bulstrode
37%
Préfets (promotion Harry Potter)Hannah Abbott
36%
CornerMichael
36%
BootTerry
33%
Pierre précieuse dans le sablier des points de maisonDiamant
30%
Préfets (promotion Harry Potter)Anthony Goldstein
29%
EdgecombeMarietta
29%
Nom complet du fantôme de GryffondorNicholas de Mimsy-Porpington
25%
Son oncle Tiberius est un ami du ministre Rufus ScrimgeourCormac McLaggen
24%
Professeur de soins aux créatures magiques excentriqueSilvanus Brûlopot
18%
CarrowHestia
11%
CarrowFlora
10%
C'est la fondatrice du village de Pré-au-LardHengist De Woodcroft
9%

Distribution des résultats

Percentile par nombre de réponses

% des personnes avec chaque résultat

Votre développement - résultats

Vous n’avez pas pris ce quiz